IFM Opac

Strategic Management and Business Policy: (Record no. 22228)

MARC details
000 -LEADER
fixed length control field 00384nam a22001457a 4500
020 ## - INTERNATIONAL STANDARD BOOK NUMBER
ISBN 978-0-13-702915-0
082 ## - DEWEY DECIMAL CLASSIFICATION NUMBER
Classification number 658.4012
100 ## - MAIN ENTRY--AUTHOR NAME
Personal name Wheelen, Thomas L.
245 ## - TITLE STATEMENT
Title Strategic Management and Business Policy:
Sub Title Achiving Sustainability
250 ## - EDITION STATEMENT
Edition statement 12th
260 ## - PUBLICATION, DISTRIBUTION, ETC. (IMPRINT)
Place of publication New Jersey:
Name of publisher Pearson,
Year of publication 2019
300 ## - PHYSICAL DESCRIPTION
Number of Pages 979p.: ill.; 25cm
700 ## - ADDED ENTRY--PERSONAL NAME
Personal name Hunger, J. David
942 ## - ADDED ENTRY ELEMENTS (KOHA)
Koha item type Books
Holdings
Withdrawn status Lost status Damaged status Not for loan Collection code Permanent Location Current Location Shelving location Date acquired Source of acquisition Full call number Accession Number Price effective from Koha item type
        Non-fiction IFM Main Campus Library IFM Main Campus Library Work Room processing 01/26/2026 Purchased 658.4012 WHE 0000030956 01/26/2026 Books